000 00727nab a2200241u 4500
001 07973
003 HDC
007 c| |||a|c|aaaa
008 210129b20170425my ||||| |||| 00| 0 eng d
040 _aHDC
245 0 _aGoodness, it's red ginseng
336 _atext
_2rdacontent
337 _acomputer
_2rdamedia
338 _aonline resource
_2rdacarrier
650 _aGinseng
_98478
650 _aKorean ginseng
_98477
650 _aRed ginseng
_98476
710 _aNew Straits Times
856 _zRequest full-text at [email protected]
942 _2lcc
942 _cNEWS
942 _kNWSC 001439
999 _c5296
_d5296